Kau Doktor Hatiku

Bibliographic Details
Main Author: Ahadiat Akashah
Format: Book
Published: Kuala Lumpur : Melati Publisher Sdn.Bhd. , 1995
Series:Klasiknya Cinta
Subjects:

MARC

LEADER 00000cam a2200000 7i4500
001 0000007928
002 000008502
005 20000330.0
020 |a 9839806009 
090 0 0 |a F   |b AHA 
100 0 |a Ahadiat Akashah 
245 1 0 |a Kau Doktor Hatiku   |c Ahadiat Akashah 
260 |a Kuala Lumpur :   |b Melati Publisher Sdn.Bhd. ,   |c 1995 
300 |a 191p. ;   |c 18cm. 
490 0 |a Klasiknya Cinta 
650 0 0 |a Love stories, Malay 
999 |a 049211   |b BUKU   |c PINJAMAN   |e PERPUSTAKAAN KOMUNITI PETALING JAYA